Al-Nassr FC Squad 2023-2024 - Statistics

General Stats
  • This quiz has been taken 74 times
  • The average score is 10 of 30
Answer Stats
# Position Nation Player % Correct
7 FW Portugal Cristiano Ronaldo
100%
10 FW Senegal Sadio Mané
94%
94 MF Brazil Anderson Talisca
76%
77 MF Croatia Marcelo Brozović
76%
27 DF Spain Aymeric Laporte
72%
15 DF Brazil Alex Telles
65%
22 GK Colombia David Ospina
65%
25 MF Portugal Otávio
61%
6 MF Ivory Coast Seko Fofana
56%
29 FW Saudi Arabia Abdulrahman Ghareeb
33%
- Coach Portugal Luís Castro
31%
11 FW Saudi Arabia Khalid Al-Ghannam
28%
2 DF Saudi Arabia Sultan Al-Ghannam
28%
5 DF Saudi Arabia Abdulelah Al-Amri
19%
17 MF Saudi Arabia Abdullah Al-Khaibari
17%
19 MF Saudi Arabia Ali Al-Hassan
17%
78 DF Saudi Arabia Ali Lajami
15%
23 FW Saudi Arabia Ayman Yahya
15%
44 GK Saudi Arabia Nawaf Al-Aqidi
15%
3 DF Saudi Arabia Abdullah Madu
13%
33 GK Saudi Arabia Waleed Abdullah
13%
4 DF Saudi Arabia Mohammed Al-Fatil
11%
14 MF Saudi Arabia Sami Al-Najei
11%
30 FW Saudi Arabia Meshari Al-Nemer
9%
16 FW Saudi Arabia Mohammed Maran
9%
12 DF Saudi Arabia Nawaf Al-Boushal
9%
46 FW Saudi Arabia Abdulaziz Al-Aliwa
7%
36 GK Saudi Arabia Raghed Al-Najjar
6%
8 MF Saudi Arabia Abdulmajeed Al-Sulayhim
4%
24 DF Saudi Arabia Mohammed Qasem
2%
No matching quizzes found
Score Distribution
Percent of People with Each Score
Percentile by Number Answered
Your Score History
You have not taken this quiz